000 00883nam a2200277 a 4500
003 AR-BaBNM
005 20251128204026.0
008 082120s2002 ||||||||||||||000 | spa||
040 _cAR-BaBNM
110 2 _aNaciones Unidas
_9ONU
245 0 0 _aEducación cívica y política de la mujer
260 _aNew York
_bNaciones Unidas
_c1964
300 _a93 p.
_btablas, láms.
500 _aAnexos p. 35-93
500 _aEste folleto ha sido editado a pedido de la Comisión de la Condición Jurídica y Social de la Mujer, y del Consejo Económico y Social de las Naciones Unidas
504 _aBibliografía: p. 80-88
650 4 _aMUJERES
650 4 _aEDUCACION CIVICA
650 4 _aVIDA POLITICA
650 4 _aELABORACION DE POLITICAS
650 4 _aDERECHOS DE LA MUJER
650 4 _aEDUCACION DE LA MUJER
650 4 _aLEGISLACION
942 _cBK
998 _cSILVI
999 _c5844
_d5844